00934nam a2200253 a 450000100060000000300080000600500170001400800410003103500190007204000350009104100080012608200240013410000360015824500770019426000330027130000210030449000470032550400470037265000360041983000430045594200120049899900170051095201530052745097BD-RjUL20211209053949.0160723s1960 enk b 001 0 eng d a(BD-RjUL)45215 aBD-RjULbengcBD-RjULdBD-RjUL aeng a510.1223bKOP 196010aKorner, Stephan,d1913-913814814aThe philosophy of mathematics :ban introductory essay /cStephan Korner aLondon :bHutchinson,cc1960 a198 p. ;c19 cm.1 aHutchinson University Library. Philosophy. aBibliography: p. 192-193 - Includes index. 0aMathematicsxPhilosophy9138149 0aHutchinson University Library.9138154 2ddccBK c45097d45097 00102ddc40708NFICaRUCLbRUCLcStackd1974-04-03eEuro-Bangladesh New Agencyg30.25l0o510.1 KOP 1960r2016-07-23 00:00:00tC-2w2016-07-23yBK